|
|
|
|
| LEADER |
00000nam0a2200000 4500 |
| 001 |
358829 |
| 005 |
20231102011131.0 |
| 035 |
|
|
|a (RuTPU)RU\TPU\retro\16101
|
| 090 |
|
|
|a 358829
|
| 100 |
|
|
|a 20200828d1977 km y0rusy50 ca
|
| 101 |
0 |
|
|a rus
|
| 102 |
|
|
|a UA
|
| 105 |
|
|
|a a z 001zy
|
| 200 |
1 |
|
|a Бетонные работы. Технология и организация
|f В. С. Балицкий, Л. С. Марченко
|
| 210 |
|
|
|a Киев
|c Будiвельник
|d 1977
|
| 215 |
|
|
|a 240 с.
|c ил.
|
| 320 |
|
|
|a Библиогр.: с.235-237
|
| 606 |
1 |
|
|a Бетонные работы
|2 stltpush
|3 (RuTPU)RU\TPU\subj\28508
|9 52028
|
| 610 |
1 |
|
|a технология
|
| 610 |
1 |
|
|a организация работы
|
| 610 |
1 |
|
|a бетоны
|
| 610 |
1 |
|
|a состав
|
| 610 |
1 |
|
|a проектирование
|
| 610 |
1 |
|
|a приготовление
|
| 610 |
1 |
|
|a транспортирование
|
| 610 |
1 |
|
|a бетонные смеси
|
| 610 |
1 |
|
|a укладка
|
| 610 |
1 |
|
|a уплотнение
|
| 610 |
1 |
|
|a бетонирование
|
| 610 |
1 |
|
|a контроль качества
|
| 675 |
|
|
|a 693.54
|v 4
|
| 700 |
|
1 |
|a Балицкий
|b В. С.
|g Виктор Сергеевич
|
| 701 |
|
1 |
|a Марченко
|b Л. С.
|g Леонид Сергеевич
|
| 702 |
|
1 |
|a Богданова
|b Т. Б.
|4 340
|
| 702 |
|
1 |
|a Овчаренко
|b С. К.
|4 340
|
| 801 |
|
1 |
|a RU
|b 63413507
|c 20200828
|
| 801 |
|
2 |
|a RU
|b 63413507
|c 20210209
|g RCR
|
| 942 |
|
|
|c BK
|